Albums studios d'Alain Bashung - Statistiques

Statistiques générales
  • Ce quiz a été pris 5 fois
  • Le résultat moyen est 7 sur 15
Statistiques - réponses
Année Album % Correct
1998 Fantaisie militaire
80%
2008 Bleu pétrole
60%
1994 Chatterton
60%
1983 Figure imposée
60%
1991 Osez Joséphine
60%
1982 Play blessures
60%
2018 En amont
40%
2011 L'Homme à tête de chou
40%
2002 L'Imprudence
40%
1989 Novice
40%
1986 Passé le Rio Grande
40%
1981 Pizza
40%
1977 Roman-photos
40%
1979 Roulette russe
40%
2006 La Ballade de Calamity Jane
20%
Aucun quiz correspondant
Distribution des résultats
% des personnes avec chaque résultat
Percentile par nombre de réponses
Votre historique - résultats
Vous n’avez pas pris ce quiz